<?xml version="1.0" encoding="UTF-8"?>
<collection xmlns="http://www.loc.gov/MARC21/slim">
  <record>
    <leader>00000nam  2200000   4500</leader>
    <controlfield tag="001">INLIS000000000020320</controlfield>
    <controlfield tag="005">20250612020709</controlfield>
    <datafield tag="035" ind1="#" ind2="#">
      <subfield code="a">0010-0625000062</subfield>
    </datafield>
    <controlfield tag="007">ta</controlfield>
    <controlfield tag="008">250612################|##########|#|##</controlfield>
    <datafield tag="084" ind1="#" ind2="#">
      <subfield code="a">R 0030 PKN I 2024</subfield>
    </datafield>
    <datafield tag="100" ind1=" " ind2="#">
      <subfield code="a">Joni Getamala</subfield>
    </datafield>
    <datafield tag="245" ind1="1" ind2="#">
      <subfield code="a">Kolaborasi Penegakkan Hukum Dalam Penanganan Kejahatan Lintas Negara (Transnational Crime) Melalui Penguatan Kerjasama Antara Negara Dan Kerjasama Interpol /</subfield>
      <subfield code="c">Joni Getamala</subfield>
    </datafield>
    <datafield tag="260" ind1="#" ind2="#">
      <subfield code="a">Jakarta :</subfield>
      <subfield code="b">Pusbangkom Pimnas dan Manajerial ASN,</subfield>
      <subfield code="c">2024</subfield>
    </datafield>
    <datafield tag="300" ind1="#" ind2="#">
      <subfield code="a">50 halaman ;</subfield>
      <subfield code="c">30 cm</subfield>
    </datafield>
    <datafield tag="650" ind1="#" ind2="4">
      <subfield code="a">Hukum</subfield>
    </datafield>
    <datafield tag="520" ind1="#" ind2="#">
      <subfield code="a">Secara internal, Polri belum memiliki pengaturan mekanisme yang limitatif tentang proses teknis dan administrasi proses permohonan dari jajaran Polri ke Mabes Polri maupun jajaran penegak Hukum kepada Polri dalam proses permohonan Notices ICPO-INTERPOL, juga mekanisme permohonan dari Polda jajaran dalam pengajuan permohonan batuan timbal balik masalah pidana kepada Mabes Polri yang kemudian akan diteruskan ke Kemenkumham RI sebagai C/A (Central Authority).</subfield>
    </datafield>
    <datafield tag="990" ind1="#" ind2="#">
      <subfield code="a">2024/1.2.1/A/0030</subfield>
    </datafield>
  </record>
</collection>
